000
00352nam a2200145Ia 4500
008
090123s9999 xx 000 0 und d
082
_b
18687
245
_a
LIMCA BOOK OF RECORDS 1991
250
_a
0
260
_b
BISLERI BEVERAGES
300
_a
238
630
_a
LIMCA BOOK OF RECORDS 1991
730
_a
LIMCA BOOK OF RECORDS 1991
942
_c
BOOK
999
_c
56750
_d
56750